000 00364 a2200169 4500
001 182847
020 _a
040 _cMagnum
100 _aGattai, Zélia
240 1 0 _aAnarquistas, graças a Deus
_lpor
245 1 0 _aAnarquistas, graças a Deus
300 _a248
362 0 _a2000
440 1 _aJosé Olympio
697 _aLITERATURA GERAL
942 _cBK
999 _c182847
_d182847